000 003020000a22001090004500
090 _aAs
_bSeriadas
245 1 0 _aTercer registro de ave playera (Aphriza virgata) en Colombia
041 0 _aEspañol
100 1 _aKelsey, Martin
_999986
942 _cARTICULO
773 1 _tBoletín SAO
_h18-17
_q53-54
_d1999
_g10
999 _c15757
_d15757